Jodie Foster Movies Quiz Stats

 Plays Quiz Updated Dec 31, 2020

Support Sporcle.
Go Orange.
Score 0/44 Timer 07:00
1 Play Today
Year Movie % Correct
1991The Silence of the Lambs
91.1%
1976Taxi Driver
73.4%
2002Panic Room
70.4%
1994Nell
56.2%
1997Contact
56.2%
1988The Accused
52.6%
2005Flightplan
45.5%
1976Freaky Friday
35.9%
1994Maverick
35.7%
1991Little Man Tate
35.1%
1999Anna and the King
31.9%
2007The Brave One
30.7%
2006Inside Man
28.1%
2013Elysium
27.2%
1976Bugsy Malone
27.2%
2018Hotel Artemis
25.6%
1973Tom Sawyer
24%
2008Nim's Island
19.6%
1993Sommersby
19.2%
2021The Mauritanian
18.9%
2011The Beaver
18.2%
2011Carnage
17.9%
Year Movie % Correct
1980Foxes
13.9%
1984The Hotel New Hampshire
13.2%
1977Candleshoe
12%
1974Alice Doesn't Live Here Anymore
11.6%
1976The Little Girl Who Lives Down the Lane
11.1%
2002The Dangerous Lives of Altar Boys
10.8%
1988Stealing Home
9.8%
2004A Very Long Engagement
9.2%
1992Shadows and Fog
8.8%
1972Napoleon and Samantha
8.6%
1980Carny
8.1%
1988Five Corners
7.2%
1990Catchfire
6.9%
1987Siesta
6.4%
1972Kansas City Bomber
5.9%
1973One Little Indian
5.4%
1982O'Hara's Wife
5.4%
1977The Beach House
5.3%
1977Moi, Fleur Bleue
5.2%
1976Echoes of a Summer
5.1%
1986Mesmerized
5.1%
1984The Blood of Others
4.9%

From the Vault

Passable General Knowledge Trivia

by wiggytitch

You'd be amazed at how many random facts are stored in that brain of yours.
Remove Ads.
Support Sporcle.
Get the best of Sporcle when you Go Orange. This ad-free experience offers more features, more stats, and more fun while also helping to support Sporcle. Thank you for becoming a member.

Show Comments

Extras

Top Quizzes Today


Score Distribution

Your Account Isn't Verified!

In order to create a playlist on Sporcle, you need to verify the email address you used during registration. Go to your Sporcle Settings to finish the process.

Report this User

Report this user for behavior that violates our Community Guidelines.

Details: